12球団ポジション別最高年俸(2026) - Statistics

General Stats
  • This quiz has been taken 35 times
  • The average score is 39 of 52
Answer Stats
球団 ポジション 年齢 選手名 % Correct
巨人 捕手 3億円 甲斐拓也
97%
阪神 投手 3億円 西勇輝
94%
阪神 内野手 4億5000万円 佐藤輝明
94%
阪神 外野手 5億円 近本光司
94%
DeNA 内野手 3億円 筒香嘉智
94%
巨人 投手 12億円 マルティネス
94%
巨人 内野手 3億円 坂本勇人
94%
日本ハム 捕手 2億5000万円 マルティネス
94%
ロッテ 捕手 7200万円 佐藤都志也
94%
阪神 捕手 1億2000万円 梅野隆太郎
90%
ソフトバンク 投手 10億円 オスナ
90%
ソフトバンク 外野手 5億5000万円 近藤健介
90%
オリックス 捕手 4億円 森友哉
90%
DeNA 捕手 7500万円 戸柱恭孝
87%
中日 投手 2億円 柳裕也
87%
ロッテ 内野手 3億円 ソト
87%
ロッテ 外野手 4億円 ポランコ
87%
巨人 外野手 2億5000万円 キャベッジ
84%
広島 捕手 1億4000万円 坂倉将吾
84%
広島 内野手 1億7000万円 菊池涼介
84%
ヤクルト 捕手 1億5000万円 中村悠平
84%
ヤクルト 内野手 5億円 山田哲人
84%
ヤクルト 外野手 4億6500万円 サンタナ
84%
ソフトバンク 内野手 4億5000万円 山川穂高
84%
西武 内野手 3億円 源田壮亮
84%
DeNA 外野手 1億7000万円 佐野恵太
81%
中日 捕手 7000万円 木下拓哉
81%
広島 投手 2億円 森下暢仁
81%
日本ハム 外野手 4億5000万円 レイエス
81%
広島 投手 2億円 大瀬良大地
77%
楽天 内野手 5億円 浅村栄斗
77%
中日 外野手 1億5000万円 岡林勇希
74%
日本ハム 内野手 1億3000万円 清宮幸太郎
74%
オリックス 外野手 4億円 西川龍馬
74%
西武 捕手 6600万円 古賀悠斗
74%
楽天 捕手 5800万円 太田光
71%
DeNA 投手 4億6500万円 デュプランティエ
68%
広島 外野手 1億8400万円 ファビアン
68%
ソフトバンク 投手 10億円 モイネロ
68%
日本ハム 投手 5億円 有原航平
68%
西武 内野手 3億円 ネビン
68%
ソフトバンク 捕手 7500万円 嶺井博希
65%
オリックス 投手 3億5000万円 マチャド
65%
西武 投手 3億円 平良海馬
55%
西武 外野手 1億5000万円 カナリオ
52%
中日 内野手 1億5000万円 サノー
48%
西武 外野手 1億5000万円 林安可
48%
オリックス 内野手 1億5000万円 シーモア
45%
楽天 投手 2億円 前田健太
45%
ロッテ 投手 3億円 ジャクソン
42%
楽天 外野手 1億6000万円 ゴンザレス
32%
ヤクルト 投手 1億7500万円 田口麗斗
19%
No matching quizzes found
Score Distribution
Percent of People with Each Score
Percentile by Number Answered
Your Score History
You have not taken this quiz